White paper on the policy of the Department of Correctional Services in the New South Africa = Witskrif oor die beleid van die Departement van Korrektiewe Dienste in die Nuwe Suid-Afrika
| Corporate Author: | |
|---|---|
| Format: | Print Book |
| Language: | Afrikaans English |
| Published: |
Pretoria
Gov. Print.
1994
|
| In: | Year: 1994 |
| Availability in Tübingen: | Present in Tübingen. UB: KB 8 E 6706 |
| Check availability: | HBZ Gateway |
| Subito Delivery Service: | Order now. |
MARC
| LEADER | 00000cam a2200000 c 4500 | ||
|---|---|---|---|
| 001 | 1635885361 | ||
| 003 | DE-627 | ||
| 005 | 20251225204222.0 | ||
| 007 | tu | ||
| 008 | 950220s1994 xx ||||| 00| ||afr c | ||
| 020 | |a 0621163457 |9 0-621-16345-7 | ||
| 035 | |a (DE-627)1635885361 | ||
| 035 | |a (DE-576)043764517 | ||
| 035 | |a (DE-599)BSZ043764517 | ||
| 035 | |a (OCoLC)34640303 | ||
| 040 | |a DE-627 |b ger |c DE-627 |e rakwb | ||
| 041 | |a afr |a eng | ||
| 082 | 0 | |a 364.60968 | |
| 245 | 0 | 0 | |a White paper on the policy of the Department of Correctional Services in the New South Africa |b = Witskrif oor die beleid van die Departement van Korrektiewe Dienste in die Nuwe Suid-Afrika |
| 246 | 3 | 1 | |a Witskrif oor die beleid van die Departement van Korrektiewe Dienste in die Nuwe Suid-Afrika |
| 246 | 3 | 3 | |a Witskrif oor die beleid van die Departement van Korrektiewe Dienste in die Nuwe Suid-Afrika |
| 264 | 1 | |a Pretoria |b Gov. Print. |c 1994 | |
| 300 | |a 30, 31 S. | ||
| 336 | |a Text |b txt |2 rdacontent | ||
| 337 | |a ohne Hilfsmittel zu benutzen |b n |2 rdamedia | ||
| 338 | |a Band |b nc |2 rdacarrier | ||
| 583 | 1 | |a Archivierung prüfen |c 20200919 |f DE-640 |z 3 |2 pdager | |
| 710 | 2 | |a Südafrika |b Department of Correctional Services |0 (DE-588)5109289-X |0 (DE-627)156558645 |0 (DE-576)194880761 |4 oth | |
| 951 | |a BO | ||
| ELC | |b 1 | ||
| LOK | |0 000 xxxxxcx a22 zn 4500 | ||
| LOK | |0 001 3292695813 | ||
| LOK | |0 003 DE-627 | ||
| LOK | |0 004 1635885361 | ||
| LOK | |0 005 19970207000000 | ||
| LOK | |0 008 970117||||||||||||||||ger||||||| | ||
| LOK | |0 040 |a DE-21 |c DE-627 |d DE-21 | ||
| LOK | |0 852 |a DE-21 | ||
| LOK | |0 852 1 |c KB 8 E 6706 |9 00 | ||
| LOK | |0 935 |a krim | ||
| LOK | |0 936ln |a k12.4 | ||
| LOK | |0 939 |a 17-01-97 |b l01 | ||
| ORI | |a SA-MARC-krimdoka001.raw | ||
| SIG | |a UB: KB 8 E 6706 | ||
